000
00312nam a22001217a 4500
008
160510b xxu||||| |||| 00| 0 eng d
020
_a
3527290613
020
_a
1560818697
041
_a
eng
080
_a
54
245
_a
Organosilicon chemistry from molecules to materials:
_c
N. Auner; J. Weis;
942
_2
udc
_c
BK
999
_c
1973
_d
1973